书目信息 |
| 题名: |
土壤生态系统氮素循环
|
|
| 作者: | 艾应伟 著 | |
| 分册: | ||
| 出版信息: | 北京 化学工业出版社 2008 |
|
| 页数: | 184页 | |
| 开本: | 24cm | |
| 丛书名: | ||
| 单 册: | ||
| 中图分类: | S153.6 | |
| 科图分类: | ||
| 主题词: | 土壤氮素--循环 , 土壤氮素 | |
| 电子资源: | ||
| ISBN: | 978-7-122-02499-2 | |
| 000 | 00784nam0 2200229 45 | |
| 005 | 20100303151015.29 | |
| 010 | @a978-7-122-02499-2@dCNY48.00 | |
| 100 | @a20100120d2008 ekmy0chiy0120 ea | |
| 101 | 0 | @achi@aeng |
| 102 | @aCN@b110000 | |
| 105 | @ay z 000yy | |
| 106 | @ar | |
| 200 | 1 | @a土壤生态系统氮素循环@ATu Rang Sheng Tai Xi Tong Dan Su Xun Huan@f艾应伟著@FAi Ying Wei Zhu |
| 210 | @a北京@c化学工业出版社@d2008 | |
| 215 | @a184页@d24cm | |
| 330 | @a本书以四川盆地的土壤类型紫色土、水稻土为对象,系统阐述了不同自然环境及耕作栽培条件下,氮素在土壤-植物-大气中的循环特征及其调控措施。 | |
| 606 | 0 | @a土壤氮素@x循环 |
| 606 | 0 | @a土壤氮素 |
| 690 | @aS153.6@v4 | |
| 701 | 0 | @a艾应伟@AAi Ying Wei@4著 |
| 801 | 0 | @aCN@bTANGWEI@c20100303 |
| 905 | @b0584339-43@dS153.6@e71@f5 | |
| 土壤生态系统氮素循环/艾应伟著.-北京:化学工业出版社,2008 |
| 184页;24cm |
| ISBN 978-7-122-02499-2:CNY48.00 |
| 本书以四川盆地的土壤类型紫色土、水稻土为对象,系统阐述了不同自然环境及耕作栽培条件下,氮素在土壤-植物-大气中的循环特征及其调控措施。 |
| ● |
| 相关链接 |
|
|
|
|
正题名:土壤生态系统氮素循环
索取号:S153.6/71
 
预约/预借
| 序号 | 登录号 | 条形码 | 馆藏地/架位号 | 状态 | 备注 |
| 1 | 0584339 | 205843391 | 第二样本阅览室/ [索取号:S153.6/71] | 在馆 | |
| 2 | 0584340 | 205843408 | 第三借阅区/ [索取号:S153.6/71] | 在馆 | |
| 3 | 0584341 | 205843417 | 第三借阅区/ [索取号:S153.6/71] | 在馆 | |
| 4 | 0584342 | 205843426 | 第三借阅区/ [索取号:S153.6/71] | 在馆 | |
| 5 | 0584343 | 205843435 | 密集书库-生命科学系/ [索取号:S153.6/71] | 在馆 |